000 00316nam a22001457a 4500
008 221111b ||||| |||| 00| 0 eng d
020 _a0691023875
041 _aeng
080 _a30
082 _a30
100 _a28.1
101 _aHIS
245 _aCLIMATIC HSITORY AND THE FUTURE
_cH.H.LAMB
942 _2udc
_cBK
999 _c58862
_d58862